[Event "Rio Verde U1800 op"]
[Site "Rio Verde"]
[Date "2025.01.26"]
[Round "6"]
[White "Simoes, Rodrigo Jr"]
[Black "Prado Carvalho, Nilson S"]
[Result "1-0"]
[WhiteElo "1800"]
[BlackElo "1775"]
[PlyCount "49"]
[EventDate "2025.01.25"]
[EventType "swiss"]
[EventRounds "6"]
[EventCountry "BRA"]
[SourceTitle "CB05_2025"]
[SourceDate "2025.01.29"]
[SourceVersion "1"]
[SourceVersionDate "2025.01.29"]
[SourceQuality "1"]

1. e4 e5 2. Nf3 Nc6 3. Bc4 Nf6 4. Qe2 d6 5. 0-0 Be6 6. Bxe6 fxe6 7. c3 d5 8. d3 dxe4 9. dxe4 Bc5 10. b4 Bb6 11. a4 a5 12. b5 Ne7 13. Bg5 h6 14. Bxf6 gxf6 15. Nbd2 Qd6 16. Nc4 Qc5 17. Nxb6 Qxb6 18. Rad1 Kf7 19. Qc4 Rad8 20. Nh4 Rxd1 21. Rxd1 Ng6 22. Nf5 c6 23. Rd7+ Kg8 24. Qxe6+ Kf8 25. Qf7# 1-0

[Event "Rio Verde U1800 op"]
[Site "Rio Verde"]
[Date "2025.01.25"]
[Round "1"]
[White "Dos Santos Filho, Ricardo Antonio"]
[Black "Simoes, Rodrigo Jr"]
[Result "0-1"]
[WhiteElo "1469"]
[BlackElo "1800"]
[PlyCount "46"]
[EventDate "2025.01.25"]
[EventType "swiss"]
[EventRounds "6"]
[EventCountry "BRA"]
[SourceTitle "CB05_2025"]
[SourceDate "2025.01.29"]
[SourceVersion "1"]
[SourceVersionDate "2025.01.29"]
[SourceQuality "1"]

1. e4 c5 2. Nf3 d6 3. Bc4 Nc6 4. d3 Nf6 5. Ng5 Ne5 6. Bb5+ Bd7 7. Bxd7+ Nexd7 8. c4 h6 9. Nf3 e5 10. Nc3 Be7 11. a3 0-0 12. Ng5 Ne8 13. h4 hxg5 14. hxg5 Bxg5 15. Qh5 f6 16. Bxg5 fxg5 17. Qh7+ Kf7 18. Nd5 Nc7 19. Qf5+ Kg8 20. Qg6 Nxd5 21. 0-0-0 Nf4 22. Qxg5 Qxg5 23. Rh2 Nxd3+ 0-1